ARRUPE JESUIT UNIVERSITY

CORONAVIRUS -STOP THE SPREAD - CLEAN,DISINFECT,COVER

Pedagogy of the city / (Record no. 129939)

MARC details
000 -LEADER
fixed length control field 01031pam a2200301 a 4500
001 - CONTROL NUMBER
control field 616099
003 - CONTROL NUMBER IDENTIFIER
control field ARRUPE
005 - DATE AND TIME OF LATEST TRANSACTION
control field 20191017102426.0
008 - FIXED-LENGTH DATA ELEMENTS--GENERAL INFORMATION
fixed length control field 920812s1993 nyu 000 0 eng
010 ## - LIBRARY OF CONGRESS CONTROL NUMBER
LC control number 92029488
020 ## - INTERNATIONAL STANDARD BOOK NUMBER
International Standard Book Number 0826406122 (hardcover) :
Terms of availability 17.95
040 ## - CATALOGING SOURCE
Original cataloging agency DLC
Transcribing agency DLC
Modifying agency DLC
041 1# - LANGUAGE CODE
Language code of text/sound track or separate title eng
Language code of original and/or intermediate translations of text por
043 ## - GEOGRAPHIC AREA CODE
Geographic area code s-bl---
050 00 - LIBRARY OF CONGRESS CALL NUMBER
Classification number LA559.S29
Item number F7413 1993
082 00 - DEWEY DECIMAL CLASSIFICATION NUMBER
Classification number 370/.981/61
Edition number 20
300 ## - PHYSICAL DESCRIPTION
Dimensions 22 cm.
100 1# - MAIN ENTRY--PERSONAL NAME
Personal name Freire, Paulo,
Dates associated with a name 1921-1997.
9 (RLIN) 26953
240 10 - UNIFORM TITLE
Uniform title <a href="Educação na cidade.">Educação na cidade.</a>
Language of a work English
245 10 - TITLE STATEMENT
Title Pedagogy of the city /
Statement of responsibility, etc Paulo Freire ; translated by Donaldo Macedo.
260 ## - PUBLICATION, DISTRIBUTION, ETC. (IMPRINT)
Place of publication, distribution, etc New York :
Name of publisher, distributor, etc Continuum,
Date of publication, distribution, etc 1993.
300 ## - PHYSICAL DESCRIPTION
Extent 168 p. ;
500 ## - GENERAL NOTE
General note Translation of: A educação na cidade.
650 #0 - SUBJECT ADDED ENTRY--TOPICAL TERM
Topical term or geographic name as entry element Education
Geographic subdivision Brazil
-- São Paulo.
9 (RLIN) 48413
650 #0 - SUBJECT ADDED ENTRY--TOPICAL TERM
Topical term or geographic name as entry element Popular education
Geographic subdivision Brazil
-- São Paulo.
9 (RLIN) 48414
906 ## - LOCAL DATA ELEMENT F, LDF (RLIN)
a 7
b cbc
c orignew
d 1
e ocip
f 19
g y-gencatlg
942 ## - ADDED ENTRY ELEMENTS (KOHA)
Source of classification or shelving scheme Library of Congress Classification
Koha item type Monograph ( Printed materials)
Holdings
Withdrawn status Lost status Source of classification or shelving scheme Damaged status Not for loan Collection code Home library Current library Shelving location Date acquired Total Checkouts Full call number Barcode Date last seen Price effective from Koha item type
    Library of Congress Classification     Main Collection ARRUPE LIBRARY ARRUPE LIBRARY Main Collection 17/10/2019   LA559.S29 F7413 1993 46600005539 17/10/2019 17/10/2019 Monograph ( Printed materials)

 

Arrupe Library. PO Box MP320 Mt Pleasant, Harare, Zimbabwe
263 242 745411|librarian@aju.ac.zw